000 01571cam a2200397 i 4500
001 on1061817692
003 OCoLC
005 20250902010800.0
008 181109s2019 wau b 000 1 eng d
020 _a9781503904262
_q(hardcover)
020 _a1503904261
_q(hardcover)
020 _a9781503900950
_q(paperback)
020 _a1503900959
_q(paperback)
035 _a(OCoLC)1061817692
040 _aYDX
_beng
_erda
_cYDX
_dBDX
_dAUIRC
_dUKMGB
_dOCLCO
_dTXNPS
_dOCLCQ
_dOCLCO
_dOCLCF
_dYDX
_dPX0
_dTnLvILS
100 1 _aEisler, Barry,
_eauthor.
245 1 4 _aThe killer collective /
_cBarry Eisler.
250 _aFirst edition.
264 1 _aSeattle :
_bThomas & Mercer,
_c[2019]
300 _a401 pages ;
_c22 cm.
336 _atext
_btxt
_2rdacontent.
337 _aunmediated
_bn
_2rdamedia.
338 _avolume
_bnc
_2rdacarrier.
490 1 _aJohn Rain ;
_vBook 10.
504 _aIncludes bibliographical references.
520 _aWhen a joint FBI-Seattle Police investigation into an international child pornography ring gets too close to powerful enemies, sex-crimes detective Livia Lone becomes the target of a hit that barely goes awry, and suspects that the FBI itself was behind it.
650 0 _aRain, John (Fictitious character)
_vFiction.
650 0 _aWomen detectives
_vFiction.
650 0 _aSex crimes
_xInvestigation
_vFiction.
650 0 _aAssassins
_vFiction.
655 7 _aThrillers (Fiction)
_2lcgft.
655 7 _aPolitical fiction.
_2lcgft.
800 1 _aEisler, Barry.
_tJohn Rain novel ;
_vbk. 10.
907 _a.b399079671
942 _cBK
999 _c31071
_d31069